| 000 | 00334nam a22001337a 4500 | ||
|---|---|---|---|
| 008 | 181020b xxu||||| |||| 00| 0 eng d | ||
| 020 | _a0878557466 | ||
| 041 | _aeng | ||
| 080 | _a201 | ||
| 100 | _a24 | ||
| 101 | _aTEO | ||
| 245 |
_aIn Goods We Trust. New Patterns of Religious Pluralism in America. _cRobbins, Th |
||
| 942 |
_2udc _cBK |
||
| 999 |
_c50321 _d50321 |
||